Geografía Rural (Registro nro. 3650)

Detalles MARC
000 -LEADER
fixed length control field 01372 a2200229 4500
001 - CONTROL NUMBER
control field 43049
005 - DATE AND TIME OF LATEST TRANSACTION
control field 20260407155715.0
008 - FIXED-LENGTH DATA ELEMENTS--GENERAL INFORMATION
fixed length control field 260407a1964 arg spa d
003 - CONTROL NUMBER IDENTIFIER
control field AR-UNSa-BCEJYS
040 ## - CATALOGING SOURCE
Original cataloging agency AR-UNSa-BCEJYS
Language of cataloging spa
Transcribing agency AR-UNSa-BCEJYS
080 ## - UNIVERSAL DECIMAL CLASSIFICATION NUMBER
Universal Decimal Classification number 911.3:33
Common auxiliary subdivision Geografía económica
020 ## - INTERNATIONAL STANDARD BOOK NUMBER
International Standard Book Number 84-344-3403-2
041 ## - LANGUAGE CODE
Language code of text/sound track or separate title spa
100 1# - MAIN ENTRY--PERSONAL NAME
Personal name Soler, J.
245 10 - TITLE STATEMENT
Title Geografía Rural
264 #1 - PRODUCTION, PUBLICATION, DISTRIBUTION, MANUFACTURE, AND COPYRIGHT NOTICE
Place of production, publication, distribution, manufacture Barcelona :
Name of producer, publisher, distributor, manufacturer Ariel
Date of production, publication, distribution, manufacture, or copyright notice 1964
300 ## - PHYSICAL DESCRIPTION
Extent 362 p.
Dimensions 20 cm.
505 ## - FORMATTED CONTENTS NOTE
Formatted contents note Parte I: Realidad y rigor de las condiciones naturales: 1. El espacio agrícola - 2. Los ritmos estacionales - 3. Los suelos - 4. Concurrencias, parasitismo, enfermedades - 5. Liberación desigual e inertidumbre permanente - Parte II : Sociedades y técnicas : 1. El acondicionamiento - 2. Apropiación y explotación - 3. Trabajo y técnicas - 4. El hábitat rural - Parte III: Economía rural y organización regional: Introducción - 1. La agricultura de subsistencia - 2. La agricultura de mercado - 3. La gricultura de especulación - 4. La agricultura de los paises de economía socialista - Parte IV: Los problemas: 1. Problemas del hombre y problemas de la alimentación - 2. Los problemas de la adaptación de la explotación - 3. Los problemas de la comercialización y de los precios.
590 ## - LOCAL NOTE (RLIN)
Local note niveau_biblio:m niveau_hierar:0
700 1# - ADDED ENTRY--PERSONAL NAME
Personal name George, Pierre
942 ## - ADDED ENTRY ELEMENTS (KOHA)
Koha item type
Existencias
Withdrawn status Lost status Damaged status Not for loan Home library Current library Shelving location Date acquired Total checkouts Full call number Barcode Date last seen Price effective from Koha item type
        Biblioteca Prof. Eusebio Cleto del Rey Biblioteca Prof. Eusebio Cleto del Rey   07/04/2026   911.3:33 G346g L26884 07/04/2026 07/04/2026 Libro
        Biblioteca Prof. Eusebio Cleto del Rey Biblioteca Prof. Eusebio Cleto del Rey   07/04/2026   911.3:33 G346g L12340 07/04/2026 07/04/2026 Libro
        Biblioteca Prof. Eusebio Cleto del Rey Biblioteca Prof. Eusebio Cleto del Rey   07/04/2026   911.3:33 G346g L12341 07/04/2026 07/04/2026 Libro
        Biblioteca Prof. Eusebio Cleto del Rey Biblioteca Prof. Eusebio Cleto del Rey   07/04/2026   911.3:33 G346g L12342 07/04/2026 07/04/2026 Libro